Top 10 Most Populated Countries in The World - Statistics

General Stats
  • This quiz has been taken 95 times
  • The average score is 9 of 10
Answer Stats
Amount Answer % Correct
1,425,337,966 China
100%
341,223,461 United States
99%
1,425,775,850 India
97%
144,114,055 Russia
95%
217,238,939 Brazil
92%
129,079,503 Mexico
80%
279,059,951 Indonesia
76%
243,651,643 Pakistan
76%
227,380,967 Nigeria
73%
174,130,548 Bangladesh
68%
No matching quizzes found
Score Distribution
Percent of People with Each Score
Percentile by Number Answered
Your Score History
You have not taken this quiz